000 00941cam a2200253 a 4500
003 OSt
005 20201123114628.0
008 021118s2000 ck r 000 0 spa d
020 _a9586353745
040 _aCO-BoPUJ
_cCO-JMCR
041 0 _aspa
082 0 4 _a342 /
_bC787e
_223
100 1 _aCoral Quintero, Ignacio,
_eautor
_912403
245 1 0 _aElementos constitucionales y de teoría del estado :
_bmanual de derecho constitucional general /
_cIgnacio Coral Quintero
250 _aSegunda edición
260 _aBogotá :
_bLibrería del Profesional,
_c2000
300 _axxvi, 173 páginas ;
_b24 cm.
504 _aIncluye referencias bibliográficas : páginas 169-173
505 0 _aElementos constitucionales -- Elementos de teoría del estado
650 2 4 _aAsambleas constituyentes
_zColombia
_912404
650 2 4 _aConstituciones
_zColombia
_912405
650 2 4 _aConstituciones
_xManuales
_zColombia
_912406
942 _2ddc
_cBK
999 _c7012
_d7012